Safety and disaster management
Salvato in:
| Autore principale: | |
|---|---|
| Natura: | Libro |
| Pubblicazione: |
New Delhi :
Neelkamal Publications pvt ltd,
c2011.
|
| Soggetti: | |
| Tags: |
Aggiungi Tag
Nessun Tag, puoi essere il primo ad aggiungerne!!
|
MARC
| LEADER | 00000nam a22000007a 4500 | ||
|---|---|---|---|
| 020 | |a 9788183162739 |c TZS 22,842/= | ||
| 040 | |a MUL |b eng |e AACR | ||
| 082 | |a 658.477 ARU | ||
| 100 | |a Arulsamy, S. | ||
| 245 | |a Safety and disaster management |c / S. Arulsamy and J. Jeyadevi | ||
| 260 | |a New Delhi : |b Neelkamal Publications pvt ltd, |c c2011. | ||
| 300 | |a xix, 403 p. ; |c 26 cm. | ||
| 504 | |a Includes bibliographical references (p. 386 - 394) and index | ||
| 546 | |a eng | ||
| 650 | |a Risk management process | ||
| 650 | |a Disaster management | ||
| 942 | |c BK | ||
| 999 | |c 5735 |d 5735 | ||